1400 1867 1118 1231 1504 1182 1958 1557 1613 1153 1210 1728 1629 1262 1620 1102 1146 1075 1590 1107 1594 1375 1234 1069 1464 1478 1463 1079 1478 1706 1739 1119 1777 1150 1502 1460 1547 1647 1767 1628 1939 1906 1312 1495 1327 1889 1008 1952 1202 1151 1359 1801 1446 1688 1163 1444 1421 1503 1336 1523 1198 1729 1419 1991 1782 1326 1753 1046 1573 1412 1049 1838 1206 1204 1339 1205 1138 1744 1615 1179 1877 1537 1631 1829 1318 1940 1096 1839 1117 1846 1770 1994 1987 1467 1472 1998 1150 1978 1119 BCNSPRNW ULIB Ver.6.0+V

เปลี่ยนเป็นภาษาไทย

Change to English
 แสดงรายละเอียดบรรณานุกรม
  กลับหน้าหลัก

Brief Record : Get Marc (ISO 2709) : E-mail record : QR code < ปิดหน้าต่าง
LEADER : 00000nam 2200000uu 4500
001    13399111855
003     ULIB
008    110627s2552||||th 000 0 tha d
020    9786115000173
090    นว.^bณ429ร 2552
100 0  ณารา
245 00 รักร้าย/^cณารา
250    พิมพ์ครั้งที่ 4
260    กรุงเทพฯ :^bพิมพ์คำ,^c2552
300    532 หน้า
945    ^p320^l0^i028057
995    ทศพร
999 ^a ใช้งานได้ทุกระบบ
รายการนี้ยังไม่มีแท็ก
คุณยังไม่ได้ล็อกอิน คุณสามารถมีกิจกรรมร่วมกับเว็บไซต์ได้ แต่ต้องล็อกอินก่อน ::
  ล็อกอิน

รายการสื่อสารสนเทศ

ลำดับที่ ประเภท เลขเรียก/บาร์โค้ด สถานที่ สถานะ
- ไม่พบข้อมูล -

รายการใกล้เคียง
    ผู้แต่ง [ณารา]

BibComment


ยังไม่เคยถูกคอมเมนท์

คอมเมนท์ทรัพยากรรายการนี้
  คอมเมนท์: รักร้าย ณารา


 Copyright 2026. Bcnsprnw @Library